000 00912cam a2200217 a 4500
001 000019216
005 20200929165943.0
008 790628s1978 ho a 000 0 spa d
040 _aDO-SdBNP
_bspa
_cBNPHU
082 _a917.283
_bR788t
100 1 _aRosa, Marco Antonio,
_d1899-1983.
_941343
245 1 3 _aLa Tegucigalpa de mis recuerdos /
_cM. Antonio Rosa.
260 _aTegucigalpa :
_bCentro Técnico Tipo-Litográfico Nacional,
_c1978.
300 _a205 p. :
_bill. ;
_c21 cm.
500 _a"Edición conmemorativa del cuatricentenario de la creación de la Alcaldia Mayor de Tegucigalpa, 29 de septiembre de 1578."
651 4 _aTegucigalpa (Hondura{Rpara}
_xDescripción Y Viajes
_941344
651 4 _aTegucigalpa
_xHistoria
_xRosa, Antonio
_xRelatos Personales
_941345
651 4 _aTegucigalpa (Honduras{Rpara}
_xVida Social Y Costumbres
_941346
910 _aCatalogación derivada / LC
049 _aBNGR
999 _c18734
_d18734